000
00243nam a2200097Ia 4500
001
777385
005
20250826165905.0
008
250824s9999 xx 000 0 und d
245
0
_a
ÇAKA BEY
_c
AHMET HALDUN TERZİOĞLU
260
_b
PANAMA YAYINLARI
999
_c
777385
_d
777385